Názov značky - základný prvok budovania značky

Názov značky – základný prvok úspešného brandingu. Typy názvov značiek. Zásady tvorby dobrého názvu značky. Vlastnosti vhodného názvu značky. Názov a ochranná známka.

Salvato in:
Dettagli Bibliografici
Autore principale: Jurišová, Vladimíra
Natura: Capitolo di libro
Lingua:slovacco
Soggetti:
Tags: Aggiungi Tag
Nessun Tag, puoi essere il primo ad aggiungerne!!

MARC

LEADER 00000nla a2200000 4500
001 0230481
005 20240417075119.0
041 0 |a slo 
044 |a SK 
245 1 0 |a Názov značky - základný prvok budovania značky  |c Vladimíra Jurišová 
520 |a Názov značky – základný prvok úspešného brandingu. Typy názvov značiek. Zásady tvorby dobrého názvu značky. Vlastnosti vhodného názvu značky. Názov a ochranná známka. 
610 2 0 |a značky 
610 2 0 |a značky výrobkov 
610 2 0 |a budovanie značky 
610 2 0 |a známky ochranné 
100 1 |a Jurišová, Vladimíra